<?xml version="1.0" encoding="UTF-8"?>
<marc:record xmlns:marc="http://www.loc.gov/MARC21/slim">
   <marc:leader>00000nam a2200000 a 4500</marc:leader>
   <marc:datafield ind1="1" ind2=" " tag="100">
      <marc:subfield code="a">Hilbert, Jörg</marc:subfield>
      <marc:subfield code="4">aut</marc:subfield>
      <marc:subfield code="e">Verfasser/-in</marc:subfield>
   </marc:datafield>
   <marc:datafield ind1="1" ind2=" " tag="100">
      <marc:subfield code="a">Janosa, Felix</marc:subfield>
      <marc:subfield code="4">aut</marc:subfield>
      <marc:subfield code="e">Verfasser/-in</marc:subfield>
   </marc:datafield>
   <marc:datafield ind1=" " ind2=" " tag="653">
      <marc:subfield code="a">Kinderliteratur</marc:subfield>
   </marc:datafield>
   <marc:datafield ind1=" " ind2=" " tag="653">
      <marc:subfield code="a">Ritter</marc:subfield>
   </marc:datafield>
   <marc:datafield ind1="0" ind2="0" tag="245">
      <marc:subfield code="a">Ritterrost und das Haustier</marc:subfield>
   </marc:datafield>
   <marc:datafield ind1="0" ind2="0" tag="245">
      <marc:subfield code="b">Musical für KInder</marc:subfield>
   </marc:datafield>
   <marc:datafield ind1="0" ind2="0" tag="245">
      <marc:subfield code="c">Jörg Hilbert ; Felix Janosa</marc:subfield>
   </marc:datafield>
   <marc:datafield ind1=" " ind2="1" tag="264">
      <marc:subfield code="a">Hamburg</marc:subfield>
      <marc:subfield code="b">Carlsen.</marc:subfield>
      <marc:subfield code="c">2013</marc:subfield>
   </marc:datafield>
   <marc:datafield ind1=" " ind2=" " tag="250">
      <marc:subfield code="a">1</marc:subfield>
   </marc:datafield>
   <marc:datafield ind1="1" ind2=" " tag="520">
      <marc:subfield code="a">Ritter Rost ist skeptisch &#x96; Koks ist begeistert: Er hat ein eigenes Haustier! Es sieht zwar mit seinen grünen Zotteln und den Wurzelfüßen gar nicht wie ein normales Haustier aus, aber er hat es zu Hause gefunden und das ist der Beweis. Doch als das kleine Wuschelding immer größer und größer wird, wächst Koks die Sache buchstäblich über den Kopf. Mit diesem Haustier stimmt was nicht! Bald passt es schon nicht mehr durch das Burgtor. Ob wohl der Tierarzt weiß, was zu tun ist? Das eigene Haustier &#x96; seit jeher ein brandaktuelles Familienthema. Ganz klar, dass auch ein heldenhafter Blechritter sich eines Tages diesem Thema stellen muss. Und das tun die Ritter-Rost-Schöpfer Jörg Hilbert und Felix Janosa: wie immer charmant, witzig, bildstark und hochmusikalisch. Ein neues Familien-Bilderbuch in der erfolgreichen Ritter-Rost-Musicalreihe.</marc:subfield>
   </marc:datafield>
   <marc:datafield ind1=" " ind2=" " tag="020">
      <marc:subfield code="a">9783551271020</marc:subfield>
      <marc:subfield code="9">9783551271020</marc:subfield>
   </marc:datafield>
   <marc:datafield ind1=" " ind2=" " tag="020">
      <marc:subfield code="a">355127102X</marc:subfield>
      <marc:subfield code="9">355127102X</marc:subfield>
   </marc:datafield>
   <marc:datafield ind1=" " ind2=" " tag="300">
      <marc:subfield code="a">48 S.</marc:subfield>
   </marc:datafield>
</marc:record>
